000 00521nam a2200169 i 4500
001 150493
003 ES-MaACL
005 20230906203534.0
007 t|
008 071031s1970 sp ||||1| spa d
100 1 _aValdés, Benito.
_9112501
245 1 0 _aRevisión de los espacios europeos de linaria con semillas aladas /
_cpor Benito Valdés.
260 _aSevilla :
_bUniversidad,
_c1970.
300 _a288 p. :
_bil. ;
_c24 cm.
710 2 _aUniversidad de Sevilla.
_97301
852 _aES-MaACL
_jC-41747
_bR.74387
999 _c150493
_d150493